000 00553nam a2200193Ia 4500
008 151121s9999||||xx |||||||||||||| ||und||
082 _a813/घाटे
082 _bHNW-37976
100 _aघाटे निरंजन
245 _aआक्रमण
260 _b"मनोहर प्रकाशन, पुणे।"
260 _c--
300 _a79
600 _aघाटे निरंजन
630 _aआक्रमण
700 _aघाटे निरंजन
730 _aआक्रमण
942 _cBOOK
999 _c1229057
_d1229054